00612nam a2200133Ia 4500008004100000100002700041245010000068245016200168260005300330260000900383300001000392650001500402856006100417170221s9999 xx 000 0 und d aVladimir A. Mishchenko aManagement Factors and Conditions of Higher Education Students Professional Mobility Formation  cVladimir A. Mishchenko, Larisa А. Belova, Elena V. Frolova, Julia V. Torkunova, Aleksandr V. Dudov, Radik M. Galiyev, Mikhail P. Palyanov, Inna A. Tenyunina bInternational Review of Management and Marketing c2012 a7 : 1 xMarketing. uhttp://www.econjournals.com/index.php/irmm/issue/view/64